000 00350nam a2200157Ia 4500
003 OSt
005 20240120145157.0
008 170524s9999 xx 000 0 und d
020 _a9788174090997
040 _cIIMT UNIVERSITY
100 _aKhanna QP
245 0 _aProduction Technology
260 _bDhanpat Rai
260 _c2009
942 _2ddc
_c02
999 _c5620
_d5620